000 00911nam a2200277Ia 4500
003 OSt
005 20220928130544.0
006 a|||||r|||| 00| 0
007 ta
008 220927b |||||||| |||| 00| 0 eng d
020 _cINR 1495.00
024 _a143353
037 _b115, 24/01/2020, Classic Book Service
_cTextual
040 _aSDCL
_cSDCL
_beng
041 _2eng
_aeng
082 _aY31.2'P, Q6
100 _aHimanshu Ed.
_9425441
245 0 _aChanging village in India
_b Insights from longitudinal research
260 _aNew Delhi
_bOxford University Press
_c2016
300 _axxi,498p.
_ccm.
650 _aBusiness Economics
_9391653
700 _a Jha Praveen Ed.
_9469676
700 _a Rodgers Gerry Ed.
_9354394
942 _hY31.2'P, Q6
_cTEXL
_2CC
999 _c787102
_d787102